States with the Snowiest Places - Statistics

General Stats
  • This quiz has been taken 66 times
  • The average score is 8 of 10
Answers on the Map
Answers color-coded by a green-red scale on the quiz's map according to % correct below.
 
Answer Stats
Hint Answer % Correct
274 Colorado
90%
552 Alaska
88%
214 New York
86%
459 Utah
86%
646 Washington
82%
258 Wyoming
82%
214 Michigan
80%
444 California
76%
282 New Hampshire
69%
551 Oregon
69%
No matching quizzes found
Score Distribution
Percent of People with Each Score
Percentile by Number Answered
Your Score History
You have not taken this quiz